Principios de farmacología clínica / (Registro nro. 495)
[ vista simple ]
| 000 -LEADER | |
|---|---|
| fixed length control field | 00611Nam#a2200205#a#4500 |
| 005 - FECHA ULTIMA MODIFICACION | |
| control field | 20240222111911.0 |
| 008 - CAMPO DE CONTROL (LIBRO) | |
| fixed length control field | 100707s2002||||sp |||||||||||||||||spa d |
| 041 ## - CODIGO DE IDIOMA | |
| Código de idioma del texto/pista de sonido o título separado | spa |
| 082 ## - DEWEY DECIMAL CLASSIFICATION NUMBER | |
| Classification number | 615 |
| Edition number | 1a ed. |
| 092 ## - SIGNATURA TOPOGRAFICA DEWEY LOCAL | |
| número de clasificación | 615 |
| libristica | 6 |
| sección | BAÑ |
| 100 1# - ENTRADA PRINCIPAL--NOMBRE PERSONAL | |
| Nombre personal | Baños Diez, Josep Eladi. |
| 245 ## - TITULO PROPIAMENTE DICHO | |
| Título | Principios de farmacología clínica / |
| Mención de responsabilidad y remanente de la transcripción de la portada | Josep Eladi Baños Diez. |
| 250 ## - MENCION DE EDICION | |
| Mención de edición | 1a ed. |
| 260 ## - PIE DE IMPRENTA | |
| Lugar de publicación, distribución, etc | Barcelona: |
| Nombre de la editorial, distribuidor, etc | Masson; |
| Fecha de publicación | 2002. |
| 300 ## - DESCRIPCION FISICA | |
| Extension | 850 p. |
| 500 ## - NOTA GENERAL | |
| Nota general | Baños Diez, J. E. (2002). Principios de farmacología clínica. (1a ed.). Barcelona : Masson. |
| 653 ## - TÉRMINO INDIZADO - PALABRAS CLAVES | |
| Palabra clave | Farmacología |
| 930 ## - NUMERO DE INVENTARIO | |
| Número de inventario | 1288 |
| 942 ## - ADDED ENTRY ELEMENTS (KOHA) | |
| Source of classification or shelving scheme | Dewey Decimal Classification |
| Item type | Libros |
| Estado de retiro | Existencia | Fuente de clasificación | Estado general | No para prestamo | Ubicación permanente | ubicación actual | Sala de ubicación | Fecha de adquisición | Total Checkouts | Total Renewals | Número de clasificación | Código de barras | Checked out | Date last seen | Date last borrowed | Número de ejemplar | Price effective from | Koha tipo de elemento (item) | Public note |
|---|---|---|---|---|---|---|---|---|---|---|---|---|---|---|---|---|---|---|---|
| Dewey Decimal Classification | Biblioteca Medicina | Biblioteca Medicina | Referencia | 13/05/2011 | 1 | 11 | 615 6 BAÑ | 1288 | 11/10/2027 | 06/11/2014 | 18/08/2011 | ej.1 | 13/05/2011 | Libros | LIBRO DE CATEDRA |